Sports Quiz

Random Sports or Baseball Quiz

Opening Day Lineups: Orioles Quiz Stats

 Plays Quiz Updated Apr 2, 2018

Challenge
Share
Tweet
Embed
Score 0/280 Timer 19:00
2 Plays Today
Year Player % Correct
1991Cal Ripken, Jr.
94.8%
1992Cal Ripken, Jr.
94.8%
1993Cal Ripken, Jr.
94.8%
1994Cal Ripken, Jr.
94.8%
1995Cal Ripken, Jr.
94.8%
1996Cal Ripken, Jr.
94.8%
1997Cal Ripken, Jr.
94.8%
1998Cal Ripken, Jr.
94.8%
1999Cal Ripken, Jr.
94.8%
2000Cal Ripken, Jr.
94.8%
2001Cal Ripken, Jr.
94.8%
1991Billy Ripken
93.5%
1992Billy Ripken
93.5%
2012Adam Jones
92.4%
2013Adam Jones
92.4%
2014Adam Jones
92.2%
2015Adam Jones
91.8%
2014Chris Davis
91.5%
2016Adam Jones
91.3%
2013Chris Davis
91.3%
2012Chris Davis
90.4%
2016Chris Davis
90.2%
2017Adam Jones
89.2%
2008Adam Jones
89.1%
2009Adam Jones
89.1%
2017Chris Davis
87.6%
2010Adam Jones
87.5%
2018Adam Jones
86.6%
2016Manny Machado
86%
2015Manny Machado
85.7%
2004Brian Roberts
85.5%
2005Brian Roberts
85.5%
2006Brian Roberts
85.5%
2007Brian Roberts
85.5%
2008Brian Roberts
85.5%
2009Brian Roberts
85.5%
2010Brian Roberts
83.5%
2017Manny Machado
83.4%
2013Manny Machado
82.9%
2018Chris Davis
82.8%
2013Matt Wieters
82.4%
2012Matt Wieters
82.2%
2014Matt Wieters
82.1%
2013Brian Roberts
81.7%
2004Miguel Tejada
81.2%
2005Miguel Tejada
81.2%
2006Miguel Tejada
81.2%
2007Miguel Tejada
81.2%
2010Miguel Tejada
80%
2016Matt Wieters
79.8%
1992Brady Anderson
79.4%
1993Brady Anderson
79.4%
1994Brady Anderson
79.4%
1995Brady Anderson
79.4%
1996Brady Anderson
79.4%
1997Brady Anderson
79.4%
1998Brady Anderson
79.4%
1999Brady Anderson
79.4%
2000Brady Anderson
79.4%
2001Brady Anderson
79.4%
2010Nick Markakis
79.4%
2007Nick Markakis
79.1%
2008Nick Markakis
79.1%
2009Nick Markakis
79.1%
2014J.J. Hardy
78.3%
2018Manny Machado
78.1%
2012Nick Markakis
78%
2013J.J. Hardy
77.9%
2005Rafael Palmeiro
77.4%
1994Rafael Palmeiro
77.4%
1995Rafael Palmeiro
77.4%
1996Rafael Palmeiro
77.4%
1997Rafael Palmeiro
77.4%
1998Rafael Palmeiro
77.4%
2004Rafael Palmeiro
77.4%
2013Nick Markakis
77.4%
2012J.J. Hardy
77.3%
2016J.J. Hardy
76.6%
2014Nick Markakis
76%
2010Matt Wieters
75.7%
1994Mike Mussina
74.8%
1995Mike Mussina
74.8%
1996Mike Mussina
74.8%
1998Mike Mussina
74.8%
1999Mike Mussina
74.8%
2000Mike Mussina
74.8%
2016Mark Trumbo
72.6%
2017J.J. Hardy
72%
2001Melvin Mora
70.6%
2002Melvin Mora
70.6%
2004Melvin Mora
70.6%
2005Melvin Mora
70.6%
2007Melvin Mora
70.6%
2008Melvin Mora
70.6%
Year Player % Correct
2009Melvin Mora
70.6%
2016Jonathan Schoop
70%
2017Mark Trumbo
69.9%
2006Melvin Mora
68.7%
1997Eric Davis
67.9%
1998Eric Davis
67.9%
1991Glenn Davis
67.9%
1992Glenn Davis
67.9%
1993Glenn Davis
67.9%
2015Jonathan Schoop
67.9%
2017Jonathan Schoop
67.6%
2015Chris Tillman
66.3%
2014Nelson Cruz
66.2%
2016Chris Tillman
66.1%
1999Charles Johnson
64.9%
2000Charles Johnson
64.9%
2014Chris Tillman
64.8%
2014Jonathan Schoop
64.3%
2018Jonathan Schoop
64.3%
2017Seth Smith
64.1%
2004Javy Lopez
61.9%
2005Javy Lopez
61.9%
2006Javy Lopez
61.9%
2003Rodrigo Lopez
61.8%
2005Rodrigo Lopez
61.8%
2006Rodrigo Lopez
61.8%
1996Roberto Alomar
61.4%
1998Roberto Alomar
61.4%
1999Albert Belle
56.4%
2000Albert Belle
56.4%
2012Mark Reynolds
56%
2017Wellington Castillo
53.6%
2011Adam Jones
52.9%
2017Kevin Gausman
52.9%
2006Ramon Hernandez
52.8%
2008Ramon Hernandez
52.8%
2014Delmon Young
52.8%
2008Luis Hernandez
52.6%
1996B.J. Surhoff
51.9%
1997B.J. Surhoff
51.9%
1998B.J. Surhoff
51.9%
1999B.J. Surhoff
51.9%
2000B.J. Surhoff
51.9%
2003B.J. Surhoff
51.9%
1997Mike Bordick
51.2%
1998Mike Bordick
51.2%
1999Mike Bordick
51.2%
2000Mike Bordick
51.2%
2001Mike Bordick
51.2%
2002Mike Bordick
51.2%
2015Delmon Young
51.1%
2018Dylan Bundy
51.1%
2008Luke Scott
50.9%
2009Luke Scott
50.9%
1992Chris Hoiles
50.8%
1993Chris Hoiles
50.8%
1994Chris Hoiles
50.8%
1995Chris Hoiles
50.8%
1996Chris Hoiles
50.8%
1997Chris Hoiles
50.8%
1998Chris Hoiles
50.8%
2010Luke Scott
50%
2007Aubrey Huff
49.5%
2008Aubrey Huff
49.5%
2009Aubrey Huff
49.5%
2008Jeremy Guthrie
49.3%
2009Jeremy Guthrie
49.3%
2015Caleb Joseph
47.9%
2011Derrek Lee
47.6%
2016Pedro Alvarez
47.5%
2012Nolan Reimold
47.4%
2011Matt Wieters
47.1%
2005Sammy Sosa
47.1%
2013Nolan Reimold
46.8%
2007Erik Bedard
46.7%
2018Caleb Joseph
46.7%
1993Harold Baines
46.1%
1994Harold Baines
46.1%
1995Harold Baines
46.1%
2000Harold Baines
46.1%
2011Jeremy Guthrie
46%
2011Nick Markakis
45.4%
2010Felix Pie
45%
2014Ryan Flaherty
44.9%
2011Brian Roberts
44.6%
2015Steve Pearce
44.6%
2015Ryan Flaherty
44.4%
2012Jake Arrieta
44.3%
2002Jay Gibbons
44%
2003Jay Gibbons
44%
2004Jay Gibbons
44%
2005Jay Gibbons
44%
2006Jay Gibbons
44%
2007Jay Gibbons
44%
Year Player % Correct
2010Kevin Millwood
43.6%
2010Cesar Izturis
43.2%
2004Sidney Ponson
42.8%
2011J.J. Hardy
42.7%
2018Trey Mancini
42.5%
2016Joey Rickard
42.4%
2009Cesar Izturis
42.3%
2018Pedro Alvarez
42.3%
1993Harold Reynolds
42.2%
1999Will Clark
41.6%
2000Will Clark
41.6%
2013Steve Pearce
40.2%
2017Hyun Soo Kim
40.2%
2006Kevin Millar
39.9%
2008Kevin Millar
39.9%
2007Kevin Millar
39.9%
1991Mike Devereaux
39.8%
1992Mike Devereaux
39.8%
1993Mike Devereaux
39.8%
1994Mike Devereaux
39.8%
2018Tim Beckham
39.6%
2001David Segui
38.7%
2002David Segui
38.7%
2004David Segui
38.7%
2001Jerry Hairston, Jr.
37.7%
2002Jerry Hairston, Jr.
37.7%
2003Jerry Hairston, Jr.
37.7%
2009Ty Wigginton
37.5%
2003Deivi Cruz
37.2%
2012Robert Andino
37%
1999Jeff Conine
35.9%
2002Jeff Conine
35.9%
2003Jeff Conine
35.9%
2006Jeff Conine
35.9%
1996Bobby Bonilla
35.9%
2007Corey Patterson
35.3%
2013Jason Hammel
35.3%
2002Scott Erickson
35.2%
2009Gregg Zaun
34.9%
1992Leo Gomez
34.5%
1993Leo Gomez
34.5%
1995Leo Gomez
34.5%
1997Jimmy Key
34.1%
2011Mark Reynolds
33.4%
2015Travis Snider
31.8%
2004Luis Matos
31.7%
2005Luis Matos
31.7%
2006Luis Matos
31.7%
2002Geronimo Gil
31.1%
2003Geronimo Gil
31.1%
2004Larry Bigbie
31%
2005Larry Bigbie
31%
1994Jeffrey Hammonds
30.8%
1995Jeffrey Hammonds
30.8%
1996Jeffrey Hammonds
30.8%
1997Jeffrey Hammonds
30.8%
2000Delino DeShields
30.8%
2001Delino DeShields
30.8%
1996Tony Tarasco
30.3%
2015Alejandro De Aza
29.5%
2002Tony Batista
29.5%
2003Tony Batista
29.5%
2011Vladimir Guerrero
29.5%
2012Wilson Betemit
29.4%
2018Craig Gentry
28.8%
1992Rick Sutcliffe
28.1%
1993Rick Sutcliffe
28.1%
1998Joe Carter
27.8%
2003Gary Matthews, Jr.
26.9%
1991Sam Horn
26.7%
1992Sam Horn
26.7%
2010Garrett Atkins
26.2%
1992Joe Orsulak
25.1%
2011Luke Scott
25%
1994Chris Sabo
24.9%
1991Randy Milligan
24.8%
2001Brook Fordyce
23.6%
1994Mark McLemore
23.4%
1991Dwight Evans
23%
1997Jeff Reboulet
22.9%
1999Jeff Reboulet
22.9%
1991Craig Worthington
21.7%
2001Pat Hentgen
21.6%
2002Chris Singleton
21.6%
2003Marty Cordova
20.9%
2001Chris Richard
20.6%
1991Jeff Ballard
20.4%
2007Paul Bako
19.6%
1991Bob Melvin
19.4%
1995Bret Barberie
17.5%
1995Andy Van Slyke
17.3%
1993Luis Mercedes
14.9%

You're not logged in!

Compare scores with friends on all Sporcle quizzes.
OR
Log In

You Might Also Like...

Show Comments

Extras

Top Quizzes Today


Score Distribution

Your Account Isn't Verified!

In order to create a playlist on Sporcle, you need to verify the email address you used during registration. Go to your Sporcle Settings to finish the process.

Report this User

Report this user for behavior that violates our Community Guidelines.

Details: